University Home | Library Home | Institutional Repository

A brief history of Sakeji School [1925-1975] / (Record no. 186036)

MARC details
000 -LEADER
fixed length control field 01042cam1a220027700 4500
001 - CONTROL NUMBER
control field tmp15750029
003 - CONTROL NUMBER IDENTIFIER
control field UPRA
005 - DATE AND TIME OF LATEST TRANSACTION
control field 20190830104531.0
008 - FIXED-LENGTH DATA ELEMENTS--GENERAL INFORMATION
fixed length control field 951019s1975 za eng u
035 ## - SYSTEM CONTROL NUMBER
System control number (Sirsi) r25312
035 ## - SYSTEM CONTROL NUMBER
System control number (UPRA)tmp15750029
035 ## - SYSTEM CONTROL NUMBER
System control number (UPRA)tmp15332248
040 ## - CATALOGING SOURCE
Transcribing agency UPRA
100 1# - MAIN ENTRY--PERSONAL NAME
Personal name Milligan, Elsie.
Linkage A88624.1
245 12 - TITLE STATEMENT
Title A brief history of Sakeji School [1925-1975] /
Statement of responsibility, etc. by Elsie Milligan, Charles R. Nightingale [and] Lyndon R. Hess.
260 ## - PUBLICATION, DISTRIBUTION, ETC.
Place of publication, distribution, etc. Ikelenge (via Kitwe) :
Name of publisher, distributor, etc. Sakeji School,
Date of publication, distribution, etc. [1975?]
650 #0 - SUBJECT ADDED ENTRY--TOPICAL TERM
Topical term or geographic name entry element Sakeji school.
Linkage S63684.1
650 #0 - SUBJECT ADDED ENTRY--TOPICAL TERM
Topical term or geographic name entry element Children of missionaries -- Education.
General subdivision Children of missionaries -- Education.
Linkage S63685.1
650 #0 - SUBJECT ADDED ENTRY--TOPICAL TERM
Topical term or geographic name entry element Schools -- Zambia.
Geographic subdivision Schools -- Zambia.
Linkage S63686.1
700 1# - ADDED ENTRY--PERSONAL NAME
Personal name Nightingale, Charles R.
Linkage A88625.1
949 ## - LOCAL PROCESSING INFORMATION (OCLC)
a LG465
w lcc
i -25398
m MAIN
t BOOK
l ON-SHELF
949 ## - LOCAL PROCESSING INFORMATION (OCLC)
a LG465
w lcc
i -25399
m MAIN
t BOOK
l ON-SHELF
949 ## - LOCAL PROCESSING INFORMATION (OCLC)
a LG465
w lcc
i -25400
m MAIN
t BOOK
l ON-SHELF
949 ## - LOCAL PROCESSING INFORMATION (OCLC)
a LG465
w lcc
i -25401
m MAIN
t BOOK
l ON-SHELF

No items available.

© 2026 - The University of Zambia Library - Koha v25.11